ARRUPE JESUIT UNIVERSITY

CORONAVIRUS -STOP THE SPREAD - CLEAN,DISINFECT,COVER

Embakwe mission 100 years 1902-2002 (Record no. 119297)

MARC details
000 -LEADER
fixed length control field 00540nam a22001577a 4500
005 - DATE AND TIME OF LATEST TRANSACTION
control field 20131217105318.0
008 - FIXED-LENGTH DATA ELEMENTS--GENERAL INFORMATION
fixed length control field 131217b xxu||||| |||| 00| 0 eng d
050 ## - LIBRARY OF CONGRESS CALL NUMBER
Classification number BX1682.Z5
Item number N337 2002
100 ## - MAIN ENTRY--PERSONAL NAME
Personal name Ncube, Raphael Mabuza
9 (RLIN) 5810
245 ## - TITLE STATEMENT
Title Embakwe mission 100 years 1902-2002
Remainder of title history, people, future
Statement of responsibility, etc Ncube, Raphael Mabuza
260 ## - PUBLICATION, DISTRIBUTION, ETC. (IMPRINT)
Place of publication, distribution, etc Plumtree
Name of publisher, distributor, etc ILIzwi Publications
Date of publication, distribution, etc 2002
300 ## - PHYSICAL DESCRIPTION
Extent 135p. ;
Dimensions 21cm.
651 ## - SUBJECT ADDED ENTRY--GEOGRAPHIC NAME
Geographic name Embakwe Mission (Bulawayo)
General subdivision - History
9 (RLIN) 5811
700 ## - ADDED ENTRY--PERSONAL NAME
Personal name Ncube, Raphael Mabuza
9 (RLIN) 5812
942 ## - ADDED ENTRY ELEMENTS (KOHA)
Source of classification or shelving scheme Library of Congress Classification
Item type Monograph ( Printed materials)
Holdings
Withdrawn status Lost status Source of classification or shelving scheme Damaged status Not for loan Collection code Home library Current library Shelving location Date acquired Total Checkouts Full call number Barcode Date last seen Price effective from Koha item type
    Library of Congress Classification     Main Collection ARRUPE LIBRARY ARRUPE LIBRARY Main Collection 17/12/2013   BX1682.Z5 N337 2002 46411755 22/11/2017 17/12/2013 Monograph ( Printed materials)

 

Arrupe Library. PO Box MP320 Mt Pleasant, Harare, Zimbabwe
263 242 745411|librarian@aju.ac.zw